000 07581namaa22004331i 4500
003 EG-GICUC
005 20260503204259.0
008 260503s2025 ua a|||frm||| 000 0 eng d
040 _aEG-GICUC
_beng
_cEG-GICUC
_dEG-GICUC
_erda
041 0 _aeng
_beng
_bara
049 _aDeposit
082 0 4 _a616
092 _a616
_221
097 _aM.Sc
099 _aCai01.11.35.M.Sc.2025.Na.B
100 0 _aNaima Abdinasir Mohamed,
_epreparation.
245 1 0 _aBarriers to healthcare access and utilization among non-egyptian patients attending kasr al-ainy hospital /
_cby Naima Abdinasir Mohamed ; Supervision Dr. Eman El-Sayed Sedik, Dr. Dalia Mohamed Gaber.
246 1 5 _aالمعوقات التي تواجه وصول المرضى غير المصريين إلى خدمات الرعاية الصحية والاستفادة منها في مستشفى قصر العيني
264 0 _c2025.
300 _a100 pages :
_billustrations ;
_c25 cm. +
_eCD.
336 _atext
_2rda content
337 _aUnmediated
_2rdamedia
338 _avolume
_2rdacarrier
502 _aThesis (M.Sc)-Cairo University, 2025.
504 _aBibliography: pages 76-83.
520 3 _aBackground: Ensuring equitable healthcare access for migrant and refugee populations presents a critical challenge for health systems globally, particularly in resource-limited host countries like Egypt. Disparities in healthcare access can lead to inadequate management of chronic conditions, increased public health risks, and perpetuation of health inequities. Aim: This study aimed to comprehensively assess healthcare access barriers and utilization patterns among non-Egyptian patients in Cairo's public health system, with particular focus on identifying key constraints and their impact on service utilization. Methods: Cross-sectional study of 389 non-Egyptian patients attending outpatient clinics at Kasr Alainy Hospital, a major public tertiary-care facility in Cairo. Data collection utilized a structured questionnaire assessing socio- demographic characteristics, health status, and multi-dimensional healthcare access barriers across geographic, financial, organizational, and cultural domains. Results: Displaced population were 83.5% of participants, with the majority having arrived within five years. A high burden of non-communicable diseases was observed, affecting 78.7% of participants reporting a health condition. Financial constraints constituted the primary barrier to access, leading 70.7% to postpone medical visits and 62.2% to discontinue prescribed medications due to cost. Substantial organizational barriers were concurrently identified, with 66.3% experiencing waiting times exceeding one hour and 69.2% unable to contact healthcare providers. Service utilization patterns demonstrated significant fragmentation, with near-equal utilization of general (45.0%) and specialty clinics (47.1%), indicating primary care system deficiencies. Consequently, 53.2% of participants relied on alternative care approaches including self-medication and traditional remedies. Conclusion: Financial and organizational barriers substantially constrain healthcare access for migrant populations in Cairo, resulting in fragmented service utilization and high dependence on alternative care. These findings provide compelling evidence that policy interventions must prioritize financial protection mechanisms and fundamental health system strengthening, particularly in primary care, to achieve equitable healthcare for all population groups.
520 3 _aتُقدم الدراسة رؤى شاملة حول إمكانية الوصول إلى الرعاية الصحية والاستفادة منها بين المهاجرين واللاجئين في مصر. كشفت النتائج أنه على الرغم من حصول أكثر من نصف المشاركين على وصول يتراوح بين المتوسط والجيد، إلا أن أوجه عدم المساواة الكبيرة لا تزال قائمة، لا سيما في القدرة على تحمل التكاليف وسهولة الوصول المؤسسي. برزت العوائق المالية كأهم عائق، مما أجبر الكثيرين على تأجيل الرعاية أو التوقف عن تناول الأدوية. على الرغم من بيئة السياسات الشاملة نسبيًا في مصر، إلا أن العوائق العملية مثل تكاليف النقل، وأوقات الانتظار الطويلة، وضعف التواصل مع مقدمي الرعاية الصحية لا تزال تحد من المشاركة الفعالة في مجال الرعاية الصحية. كما لا تزال العوائق الثقافية والمعلوماتية ذات أهمية، حيث أفاد ما يقرب من 41% من المشاركين بصعوبة سابقة في فهم مقدمي الرعاية الصحية، وتعرض 36% منهم لعدم الاحترام أثناء الاستشارات. تُقوّض هذه التجارب الثقة وتُثبط استخدام الخدمات، مما يُؤكد الحاجة إلى ممارسات رعاية آمنة ثقافيًا. علاوة على ذلك، يعكس الاعتماد الكبير على التطبيب الذاتي كلاً من الضرورة الاقتصادية ومحدودية الثقة في الرعاية المؤسسية. وأكدت تحليلات الارتباط أن تحسين الوصول المعلوماتي والمؤسسي حسّن الوصول العام إلى الرعاية الصحية، بينما أدت القدرة على تحمل التكاليف والعوائق الجغرافية إلى انخفاضها بشكل كبير. ارتبط التعليم والإقامة الحضرية بتحسين فرص الحصول على الخدمات الصحية، مما يشير إلى أن المحددات الاجتماعية تلعب دورًا محوريًا في تحقيق العدالة الصحية. وفي الختام، تُسلّط الدراسة الضوء على الحاجة المُلِحّة لتدخلات سياساتية تُعزز آليات الحماية المالية، وتُوسّع نطاق الرعاية الصحية الأولية المُراعية للمهاجرين، وتُحسّن التواصل والكفاءة الثقافية بين مُقدّمي الرعاية الصحية. إن دمج اللاجئين والمهاجرين في برامج التأمين الصحي الوطنية، وتحقيق اللامركزية في الخدمات، والاستثمار في مبادرات التثقيف الصحي المجتمعية، من شأنه أن يُعزز بشكل جماعي فرص الحصول على الخدمات الصحية المُنصفة ويُحسّن النتائج الصحية لجميع المقيمين في مصر.
530 _aIssues also as CD.
546 _aText in English and abstract in Arabic & English.
650 0 _aFamily Medicine
650 0 _aطب الأسرة
653 1 _aHealthcare Access
_aMigrant Health
_aHealth Services Utilization
_aHealth Equity
_aHealth System Strengthening
_aEgypt
_aRefugee Health
700 0 _aEman El-Sayed Sedik
_ethesis advisor.
700 0 _aDalia Mohamed Gaber
_ethesis advisor.
900 _b01-01-2025
_cEman El-Sayed Sedik
_cDalia Mohamed Gaber
_UCairo University
_FFaculty of Medicine
_DDepartment of Family Medicine
905 _aShimaa
942 _2ddc
_cTH
_e21
_n0
999 _c179941